Dittatori - Statistics

Statistiche generali
  • Questo quiz è stato fatto 613 volte
    567 dall'ultimo reset
  • Il punteggio medio è 21 su 59
Statistiche sulle risposte
Paese Periodo Dittatore % Corretto
Germania 1933-1945 Adolf Hitler
98%
Italia 1922-1945 Benito Mussolini
98%
Unione Sovietica 1924-1953 Iosif Stalin
92%
Spagna 1936-1975 Francisco Franco
89%
Russia 2000-2008 2012-oggi Vladimir Putin
88%
Unione Sovietica 1918-1924 Vladimir Lenin
86%
Corea del Nord 1948-1994 Kim Il-sung
80%
Corea del Nord 1994-2011 Kim Jong-il
80%
Corea del Nord 2011-oggi Kim Jong-un
80%
Cina 1949-1976 Mao Zedong
79%
Iugoslavia 1945-1980 Josip Broz Tito
73%
Cuba 1959-2008 Fidel Castro
68%
Cina 2012-oggi Xi Jinping
65%
Libia 1977-2011 Muhammar Gheddafi
63%
Turchia 2003-oggi Recep Tayyip Erdogan
62%
Iraq 1979-2003 Saddam Hussein
59%
Portogallo 1932-1968 Antonio de Oliveira Salazar
50%
Cambogia 1976-1996 Pol Pot
49%
Cile 1973-1990 Augusto Pinochet
46%
Bielorussia 1994-oggi Aljaksandr Lukasenka
42%
Venezuela 2013-oggi Nicolas Maduro
42%
Romania 1967-1989 Nicolae Ceausescu
41%
Siria 2000-oggi Bashar al-Assad
40%
Siria 1971-2000 Hafiz al-Assad
39%
Unione Sovietica 1953-1964 Nikita Chruscev
34%
Unione Sovietica 1964-1982 Leonid Breznev
33%
Argentina 1946-1955 1973-1974 Juan Domingo Peron
27%
Albania 1944-1985 Enver Hoxha
25%
Vietnam 1945-1969 Ho Chi Minh
24%
Egitto 1981-2011 Hosni Mubarak
23%
Venezuela 1999-2013 Hugo Chavez
20%
Egitto 1952-1970 Gamal Abd el-Nasser
19%
Argentina 1976-1981 Jorge Rafael Videla
19%
Cina 1976-1992 Deng Xiaoping
17%
Uganda 1971-1979 Idi Amin Dada
17%
Zaire 1965-1997 Mobutu Sese Seko
17%
Giappone 1941-1944 Hideki Tojo
15%
Romania 1940-1944 Ion Antonescu
13%
Grecia 1967-1973 Georgios Papadopoulos
12%
Repubblica Centrafricana 1966-1979 Jean Bédel Bokassa
12%
Austria 1932-1934 Engelbert Dolfuss
11%
Portogallo 1968-1974 Marcelo Caetano
11%
Panama 1983-1989 Manuel Noriega
10%
Perù 1990-2000 Alberto Fujimori
9%
Grecia 1936-1941 Ioannis Metaxas
9%
Ungheria 1920-1944 Miklos Horthy
9%
Kazakistan 1990-2019 Nursultan Nazarbaev
9%
Zimbabwe 1987-2017 Robert Mugabe
9%
Somalia 1969-1991 Mohammed Siad Barre
6%
Sudan 1998-2019 Omar Hasan al-Bashir
6%
Paraguay 1954-1989 Alfredo Stroessner Matiauda
5%
Brasile 1969-1974 Emilio Garrastazu Medici
5%
Bulgaria 1954-1989 Todor Hristov Zivkov
5%
Nicaragua 1967-1972 1974-1979 Anastasio Somoza Debayle
4%
Birmania 1962-1988 Bo Ne Win
4%
Austria 1934-1938 Kurt Alois von Schuschnigg
4%
Etiopia 1977-1991 Menghistu Hailé Mariàm
4%
Guinea Equatoriale 1979-oggi Machis Nguema
3%
Turkmenistan 1991-2006 Saparmyrat Nyyazow
3%
Nessun quiz corrispondente trovato
Distribuzione punteggi
Percentuale di utenti per punteggio
Percentile per numero di risposta
I tuoi punteggi nel tempo
Non hai fatto questo quiz dall'ultimo reset